ARRUPE JESUIT UNIVERSITY

CORONAVIRUS -STOP THE SPREAD - CLEAN,DISINFECT,COVER

Epistimologies of the souht; (Record no. 131743)

MARC details
000 -LEADER
fixed length control field 00625nam a22001697a 4500
008 - FIXED-LENGTH DATA ELEMENTS--GENERAL INFORMATION
fixed length control field 230414b |||||||| |||| 00| 0 eng d
020 ## - INTERNATIONAL STANDARD BOOK NUMBER
International Standard Book Number 9781612055459.
050 ## - LIBRARY OF CONGRESS CALL NUMBER
Classification number HM651.S2483 2013.
100 ## - MAIN ENTRY--PERSONAL NAME
Personal name Santos, Boaventura DE Sousa Santos.
9 (RLIN) 52323
245 ## - TITLE STATEMENT
Title Epistimologies of the souht;
Remainder of title justice against epistemicide,
Statement of responsibility, etc Boaventura DE Sousa Santos.
260 ## - PUBLICATION, DISTRIBUTION, ETC. (IMPRINT)
Place of publication, distribution, etc London:
Name of publisher, distributor, etc Routledge Taylor and Francis Group,
Date of publication, distribution, etc 2013.
300 ## - PHYSICAL DESCRIPTION
Extent XI;
Other physical details 240P,
Dimensions 23cm.
650 ## - SUBJECT ADDED ENTRY--TOPICAL TERM
Topical term or geographic name as entry element Knowledge, sociology of,
9 (RLIN) 9945
650 ## - SUBJECT ADDED ENTRY--TOPICAL TERM
Topical term or geographic name as entry element social epistemology,
9 (RLIN) 19871
650 ## - SUBJECT ADDED ENTRY--TOPICAL TERM
Topical term or geographic name as entry element social justice
Form subdivision developing countries.
9 (RLIN) 52324
942 ## - ADDED ENTRY ELEMENTS (KOHA)
Source of classification or shelving scheme Library of Congress Classification
Item type Monograph ( Printed materials)
Holdings
Withdrawn status Lost status Source of classification or shelving scheme Damaged status Not for loan Home library Current library Shelving location Date acquired Total Checkouts Full call number Barcode Date last seen Price effective from Koha item type
    Library of Congress Classification     ARRUPE LIBRARY ARRUPE LIBRARY Main Collection 14/04/2023   HM651.S2483 2013. 46700000275 14/04/2023 14/04/2023 Monograph ( Printed materials)

 

Arrupe Library. PO Box MP320 Mt Pleasant, Harare, Zimbabwe
263 242 745411|librarian@aju.ac.zw